00319nam a2200133Ia 4500008004100000100002600041245003700067250000600104260003300110260000900143300000700152365000700159999001900166151001s9999||||xx |||||||||||||| ||und|| aKaushik Bhattacharya aa gimpes of rabindrnathas india  a1 bkastari bhattacharya kolkata c2011 a76 b21 c999247d999244